Românico português do Noroeste : alguns motivos geométricos na escultura decorativa (Registo nº 200761)

Detalhes MARC
000 -Etiqueta do registo
Valores 00644nam 22002173 4500
010 ## - Número ISBN
ISBN 972-699--330-X
021 ## - Número do Depósito Legal
Código do país Portugal
Número 59723/92
100 ## - Dados gerais de processamento
Dados gerais 20260226d u||y0pory50 ba
200 ## - Titulo e menção de responsabilidade
Título próprio Românico português do Noroeste : alguns motivos geométricos na escultura decorativa
Primeira menção de responsabilidade Artur Nobre de Gusmão
205 ## - Menção da edição
Edição
210 ## - Publicação
Local de publicação Lisboa
Nome do editor Vega
Data de publicação 1992
215 ## - Descrição física 
Paginação / Volumes 97, [7] p.
Outras indicações físicas il.; brochado
Dimensões 21 cm
225 ## - Colecção 
Título próprio da colecção Artes / Ensaio
606 ## - Nome comum usado como assunto
ID Autoridade 4600
Palavra de ordem Arquitetura
675 ## - CDU
Notação 72
Edição PT
Língua por
700 ## - Autor principal (pessoa individual)
ID Autoridade 16516
Apelido Gusmão
Nome Artur Nobre de
Datas 1920-2001
801 ## - Fonte de origem
País PT
Agência BMMN
Regras de catalogação RPC
830 ## - Notas gerais do catalogador
Criado por Vanda
990 ## - Elementos KOHA
Tipo de documento Livro
Exemplares
Situação do levantamento Biblioteca de origem Código de barras Cota Permissão de empréstimo Tipo de documento Forma de aquisição
  Biblioteca Municipal de Montemor-o-Novo 29996 72 GUS|DEP   Livro Compra

Powered by Koha